000 00693nam a22002417a 4500
003 UA-OsUOA
001 56615
007 ta
008 20081105b un ||||| |||| 00| 0 ukr d
100 _aГрималюк І.
090 _a821.161.2
_bГ84
942 _cBK
040 _aUA-OsUOA
_bukr
_cUA-OsUOA
_dUA-OsUOA
245 _aНаш родовід
_bГрималюки, Григорчуки, Балицькі, Сосенки
300 _a176 с.
955 _a2
041 _aukr
080 _a821.161.2
020 _a966-8650-54-9
260 _aТернопіль
_bДжура
_c2007
650 7 _a82 Література. Літературознавство
_2UDC
999 _c342703
_d342703